Meme Numbers - Statistics

General Stats
  • This quiz has been taken 112 times
  • The average score is 4 of 5
Answer Stats
Hint Answer % Correct
s** position 69
95%
Skrilla song 67
91%
10+9 21
90%
m***juana 420
70%
Blizzy Boi song 41
54%
No matching quizzes found
Score Distribution
Percent of People with Each Score
Percentile by Number Answered
Your Score History
You have not taken this quiz